| 000 | 00610nam a22002537a 4500 | ||
|---|---|---|---|
| 003 | UA-OsUOA | ||
| 001 | 28050 | ||
| 007 | ta | ||
| 008 | 20040922b un ||||| |||| 00| 0 ukr d | ||
| 100 | _aБичкова Н. І. | ||
| 090 |
_a811.111 _bБ67 |
||
| 942 | _cBK | ||
| 040 |
_aUA-OsUOA _beng _cUA-OsUOA _dUA-OsUOA |
||
| 245 | _aАнглійська мова. Комунікативний курс | ||
| 300 | _a328 с. | ||
| 955 | _a0 | ||
| 041 | _aeng | ||
| 080 | _a811.111 | ||
| 020 | _a966-06-0317-7 | ||
| 260 |
_aКиїв _bЛибідь _c2004 |
||
| 044 | _aAU | ||
| 650 | 7 | _2UDC | |
| 999 |
_c314405 _d314405 |
||